000 00392nam a22001697a 4500
005 20260413164518.0
008 160627b xxu||||| |||| 00| 0 eng d
020 _a81-7223-419-8
041 _aeng
082 _a823.914
100 _aGhosh, Amitav
_92913
245 _aThe Glass Palace
260 _bHarper Collins
_c2004
300 _a551
650 _aenglish fiction
_98925
942 _cBK
999 _c4339
_d4338